Guía práctica ilustrada de las plantas medicinales /

Clasificación de 247 plantas medicinales que se pueden encontrar alrededor del mundo. Se presenta información sobre sus características vegetales, el lugar en el que se pueden recolectar, su nomenclatura científica, y una ilustración detallada para su identificación. También aparece una tabla con la...

Whakaahuatanga katoa

I tiakina i:
Ngā taipitopito rārangi puna kōrero
Kaituhi matua: Thomson, William A.R (ed.)
Ētahi atu kaituhi: Vidal, Ignasi (adaptación y revisión) (adaptación y revisión), Covián, Marcelo (traducción) (traducción)
Hōputu: Pukapuka
Reo:Pāniora
I whakaputaina: Barcelona, España : Blume, 1981, c1981
Rangatū:(Guías Prácticas Ilustradas)
Ngā marau:
Ngā Tūtohu: Tāpirihia he Tūtohu
Kāore He Tūtohu, Me noho koe te mea tuatahi ki te tūtohu i tēnei pūkete!

MARC

LEADER 00000nam^a2200000^a^4500
001 000356088
005 20250521000000.0
009 20260310115221.975
020 |a 84-7031-158-1 
037 |a Acervo ITESO - Biblioteca 
041 |a ESP 
082 |a 581. 634  |b THO 
100 |a Thomson, William A.R.  |e (ed.) 
245 1 0 |a Guía práctica ilustrada de las plantas medicinales /  |c Ed. de W.A.R. Thomson ; adaptación y rev. de I. Vidal ; tr. por M. Covian. 
264 4 |a Barcelona, España :  |b Blume,  |c 1981, c1981 
300 |a 220 p. 
336 |a texto  |b txt  |2 rdacontenido 
337 |a sin mediación  |b n  |2 rdamedio 
338 |a volumen  |b nc  |2 rdasoporte 
440 1 |a (Guías Prácticas Ilustradas) 
520 |a Clasificación de 247 plantas medicinales que se pueden encontrar alrededor del mundo. Se presenta información sobre sus características vegetales, el lugar en el que se pueden recolectar, su nomenclatura científica, y una ilustración detallada para su identificación. También aparece una tabla con las principales enfermedades que pueden aliviarse con el uso de estas plantas, así como una breve historia de la medicina naturista. 
649 |a XX 
650 |a Medicamentos 
650 |a Enfermedades -  |x Tratamiento 
650 |a Medicina Naturista -  |x Historia 
650 |a Medicina Naturista 
650 |a Medicina Popular 
650 |a Plantas Medicinales -  |x Tema Principal 
650 |a Herbolaria 
650 |a Botánica -  |x Nomenclatura 
650 |a Botánica -  |x Clasificación 
650 |a Botánica 
700 |a Vidal, Ignasi  |e (adaptación y revisión) 
700 |a Covián, Marcelo  |e (traducción) 
910 |a Fondo General 
920 |a Impresos - Libros 
930 |a Colección General 
905 |a 101 
901 |a 0500248985  |b IT1  |c ACC  |i D70843  |u 20250521 
902 |a https://opac.biblio.iteso.mx/vufind/Record/000356088